[Event "Shakhty KVU op"]
[Site "Shakhty"]
[Date "2015.02.20"]
[Round "8"]
[White "Belenkov, Dmitry"]
[Black "Petrov, Artur"]
[Result "0-1"]
[WhiteElo "2196"]
[BlackElo "2374"]
[PlyCount "90"]
[EventDate "2015.02.14"]
[EventType "swiss"]
[EventRounds "9"]
[EventCountry "RUS"]
[SourceTitle "CBM 165 Extra"]
[Source "ChessBase"]
[SourceDate "2015.04.21"]
[SourceVersion "1"]
[SourceVersionDate "2015.04.21"]
[SourceQuality "1"]

1. d4 d5 2. c4 e6 3. cxd5 exd5 4. Nc3 c6 5. Nf3 Bf5 6. Bf4 Nf6 7. e3 Qb6 8. Qc1 Nbd7 9. h3 h6 10. Be2 Be7 11. 0-0 0-0 12. Ne5 Rac8 13. a3 a5 14. Na4 Qa7 15. Bd3 Bxd3 16. Nxd3 b5 17. Nac5 a4 18. Nxd7 Nxd7 19. Ne5 c5 20. Nxd7 Qxd7 21. dxc5 Rxc5 22. Qd2 Qf5 23. Rfd1 Rfc8 24. Qd3 Qxd3 25. Rxd3 Bf6 26. Bd6 Rc2 27. Rb1 d4 28. exd4 Rd8 29. Bg3 Rxd4 30. Rf3 Rxb2 31. Rxb2 Rd1+ 32. Kh2 Bxb2 33. Rf5 Bxa3 34. Rxb5 f6 35. Ra5 Rd4 36. Kg1 Bb2 37. Kf1 a3 38. Ke2 Bc1 39. Ra6 Kf7 40. Bd6 a2 41. Bc5 Rd2+ 42. Ke1 Rc2 43. Bd4 Bf4 44. g3 Be5 45. Ra7+ Kg6 0-1

[Event "Shakhty KVU op"]
[Site "Shakhty"]
[Date "2015.02.15"]
[Round "3"]
[White "Belenkov, Dmitry"]
[Black "Chigrik, Alexandr"]
[Result "1-0"]
[WhiteElo "2196"]
[BlackElo "2001"]
[PlyCount "91"]
[EventDate "2015.02.14"]
[EventType "swiss"]
[EventRounds "9"]
[EventCountry "RUS"]
[SourceTitle "CBM 165 Extra"]
[Source "ChessBase"]
[SourceDate "2015.04.21"]
[SourceVersion "1"]
[SourceVersionDate "2015.04.21"]
[SourceQuality "1"]

1. d4 d5 2. c4 c6 3. Nf3 dxc4 4. e3 b5 5. a4 e6 6. axb5 cxb5 7. b3 Bb4+ 8. Bd2 Bxd2+ 9. Nfxd2 Nf6 10. bxc4 bxc4 11. Bxc4 Bd7 12. 0-0 0-0 13. Nc3 Bc6 14. Nb3 Nd5 15. Ne2 a5 16. Nc5 Nd7 17. Qc1 Qe7 18. Bxd5 Bxd5 19. Qc3 Rfc8 20. Rfc1 a4 21. Nf4 Bb3 22. Nfd3 Nb6 23. Qb2 Nc4 24. Qe2 Na5 25. h3 Qe8 26. Nb2 Nc6 27. Ra3 e5 28. Nxb3 axb3 29. Rxa8 Rxa8 30. Qb5 Rc8 31. d5 Na7 32. Qxe8+ Rxe8 33. Rc7 Nb5 34. Rb7 Nc3 35. d6 Kf8 36. Rxb3 Ne4 37. Rb6 Rd8 38. Nc4 f6 39. f3 Ng5 40. Kf2 Nf7 41. Ke2 Rd7 42. Kd3 f5 43. Kc3 Nd8 44. Nxe5 Ra7 45. Rb8 Ke8 46. Rxd8+ 1-0

[Event "Dvorkovich Memorial op-B 9th"]
[Site "Taganrog"]
[Date "2014.08.09"]
[Round "8"]
[White "Prokopenko, A."]
[Black "Belenkov, Dmitry"]
[Result "1/2-1/2"]
[WhiteElo "2103"]
[BlackElo "2100"]
[PlyCount "113"]
[EventDate "2014.08.02"]
[EventType "swiss"]
[EventRounds "9"]
[EventCountry "RUS"]
[SourceTitle "CBM 162 Extra"]
[Source "ChessBase"]
[SourceDate "2014.10.17"]
[SourceVersion "1"]
[SourceVersionDate "2014.10.17"]
[SourceQuality "1"]

1. d4 Nf6 2. Bf4 d6 3. e3 g6 4. Nf3 Bg7 5. Be2 0-0 6. h3 Nbd7 7. c4 c6 8. Nc3 Ne8 9. 0-0 Nc7 10. Qc2 f5 11. Rad1 Qe8 12. d5 cxd5 13. Nxd5 Nxd5 14. cxd5 Nb6 15. b3 Bd7 16. Qd2 Rc8 17. Rc1 h6 18. Rxc8 Qxc8 19. Rc1 Qb8 20. a4 Rc8 21. Rxc8+ Qxc8 22. a5 Na8 23. Nd4 Qc5 24. Ne6 Bxe6 25. dxe6 g5 26. Bg3 Nc7 27. Bf3 Kf8 28. Bxb7 Nxe6 29. Bd5 Nc7 30. Bc4 Ke8 31. h4 Kd7 32. hxg5 hxg5 33. f3 Qa3 34. Bf2 Qa1+ 35. Kh2 Bc3 36. Qd3 Qxa5 37. e4 Be5+ 38. g3 f4 39. g4 Qa3 40. Bb5+ Kc8 41. Qc4 e6 42. Qc6 Qb2 43. Qd7+ Kb8 44. Kg1 Bd4 45. Bxd4 Qxd4+ 46. Kf1 Qd1+ 47. Kf2 Qd2+ 48. Be2 Qd4+ 49. Kf1 Kb7 50. Qe7 Qe5 51. Bc4 Kc6 52. Be2 Qa1+ 53. Kf2 Qd4+ 54. Kf1 Qc5 55. b4 Qc1+ 56. Kf2 Qe3+ 57. Kf1 1/2-1/2

[Event "Dvorkovich Memorial op-B 9th"]
[Site "Taganrog"]
[Date "2014.08.06"]
[Round "5"]
[White "Belenkov, Dmitry"]
[Black "Dida, Igor"]
[Result "1-0"]
[WhiteElo "2100"]
[BlackElo "1932"]
[PlyCount "119"]
[EventDate "2014.08.02"]
[EventType "swiss"]
[EventRounds "9"]
[EventCountry "RUS"]
[SourceTitle "CBM 162 Extra"]
[Source "ChessBase"]
[SourceDate "2014.10.17"]
[SourceVersion "1"]
[SourceVersionDate "2014.10.17"]
[SourceQuality "1"]

1. d4 Nf6 2. c4 c5 3. d5 d6 4. Nc3 e5 5. e4 Be7 6. Bd3 0-0 7. Nge2 Nh5 8. h3 Bg5 9. g4 Nf4 10. Nxf4 exf4 11. h4 Bxh4 12. Bxf4 g5 13. Be3 Nd7 14. Be2 Ne5 15. Rg1 a6 16. Qd2 Bd7 17. 0-0-0 b5 18. Rdf1 bxc4 19. Rh1 Ng6 20. Rfg1 h6 21. Bxc4 Bb5 22. Be2 Rb8 23. Kb1 Qe7 24. Ka1 Bxe2 25. Qxe2 a5 26. Qc2 Rb4 27. a3 Rb7 28. Nd1 Rfb8 29. Bd2 a4 30. Bc3 Rb3 31. Ne3 Re8 32. f3 Qf8 33. Nf5 f6 34. Rh2 Ne5 35. Rf1 Nc4 36. Qd3 Ne5 37. Qa6 Rd8 38. Qxa4 Rdb8 39. Bxe5 fxe5 40. Qd7 Kh8 41. Qe6 Re8 42. Qg6 Rd8 43. Nxh6 Rb7 44. Nf5 Rh7 45. Rfh1 Qf7 46. Qxf7 Rxf7 47. Nxh4 gxh4 48. Rxh4+ Kg7 49. Rh7+ Kf8 50. Rxf7+ Kxf7 51. Rh6 Kg7 52. Re6 Rd7 53. Kb1 Kf7 54. Kc2 Kg7 55. Kc3 Rf7 56. Rxd6 Rxf3+ 57. Kc4 Rf4 58. Kxc5 Rxe4 59. Re6 Re1 60. d6 1-0

[Event "Dvorkovich Memorial op-B 9th"]
[Site "Taganrog"]
[Date "2014.08.05"]
[Round "4"]
[White "Kuliev, Elmar"]
[Black "Belenkov, Dmitry"]
[Result "1/2-1/2"]
[WhiteElo "2096"]
[BlackElo "2100"]
[PlyCount "103"]
[EventDate "2014.08.02"]
[EventType "swiss"]
[EventRounds "9"]
[EventCountry "RUS"]
[SourceTitle "CBM 162 Extra"]
[Source "ChessBase"]
[SourceDate "2014.10.17"]
[SourceVersion "1"]
[SourceVersionDate "2014.10.17"]
[SourceQuality "1"]

1. e4 d6 2. Nc3 Nf6 3. Bc4 c6 4. d3 d5 5. exd5 cxd5 6. Bb3 Nc6 7. Nge2 Bf5 8. Ng3 Bg6 9. 0-0 e6 10. Bg5 Be7 11. f4 d4 12. Bxf6 gxf6 13. Nce4 f5 14. Nd2 h5 15. Nh1 Qc7 16. Qe1 h4 17. Nc4 b5 18. Ne5 Nxe5 19. Qxe5 Qxe5 20. fxe5 Bg5 21. Nf2 Be3 22. Kh1 Bh5 23. Nd1 Bh6 24. a4 b4 25. Nf2 Be3 26. Nd1 Bxd1 27. Raxd1 Rc8 28. Rf3 f4 29. Rh3 Rc5 30. Rf1 Rxe5 31. g3 fxg3 32. hxg3 Reh5 33. Kg2 Rg8 34. Rf3 Rh6 35. c3 bxc3 36. bxc3 Ke7 37. cxd4 Bxd4 38. Kf1 Bf6 39. gxh4 Rxh4 40. Rxh4 Bxh4 41. Bc4 Bf6 42. Rf4 Be5 43. Re4 Kd6 44. Rh4 Rg6 45. Bb5 Rf6+ 46. Ke2 Rf4 47. Rxf4 Bxf4 48. Be8 f5 49. Bb5 Bg5 50. Ba6 Kd5 51. Bc4+ Kd6 52. Ba6 1/2-1/2

[Event "Dvorkovich Memorial op 8th"]
[Site "Taganrog"]
[Date "2013.07.29"]
[Round "8"]
[White "Mandrikin, Igor"]
[Black "Belenkov, Dmitry"]
[Result "1-0"]
[WhiteElo "2311"]
[BlackElo "2052"]
[PlyCount "83"]
[EventDate "2013.07.22"]
[EventType "swiss"]
[EventRounds "9"]
[EventCountry "RUS"]
[SourceTitle "CBM 155 Extra"]
[Source "ChessBase"]
[SourceDate "2013.08.26"]
[SourceVersion "1"]
[SourceVersionDate "2013.08.26"]
[SourceQuality "1"]

1. e4 Nf6 2. e5 Nd5 3. d4 d6 4. Nf3 Bg4 5. Be2 c6 6. h3 Bxf3 7. Bxf3 dxe5 8. dxe5 e6 9. 0-0 Nd7 10. Qe2 Qc7 11. Re1 Ne7 12. b3 Ng6 13. Bb2 Bb4 14. Nd2 Bxd2 15. Qxd2 Ngxe5 16. Bh5 0-0 17. Rad1 Rad8 18. Qd6 Qc8 19. Rxe5 Nxe5 20. Qxe5 f6 21. Rxd8 Rxd8 22. Qe3 c5 23. Be2 Qc6 24. h4 e5 25. h5 Qd6 26. Bd3 Qc6 27. h6 g5 28. Qh3 Qc7 29. Qe6+ Qf7 30. Bxh7+ Kf8 31. Qxf7+ Kxf7 32. Bf5 b5 33. Bd3 a6 34. h7 Kg7 35. f3 Rc8 36. Kf2 Kf7 37. Ke3 Ke6 38. g4 Rd8 39. a4 c4 40. bxc4 bxa4 41. c5 a5 42. Bc4+ 1-0

[Event "Dvorkovich Memorial op 8th"]
[Site "Taganrog"]
[Date "2013.07.27"]
[Round "6"]
[White "Berdashkevich, Svetlana"]
[Black "Belenkov, Dmitry"]
[Result "0-1"]
[WhiteElo "1848"]
[BlackElo "2052"]
[PlyCount "106"]
[EventDate "2013.07.22"]
[EventType "swiss"]
[EventRounds "9"]
[EventCountry "RUS"]
[SourceTitle "CBM 155 Extra"]
[Source "ChessBase"]
[SourceDate "2013.08.26"]
[SourceVersion "1"]
[SourceVersionDate "2013.08.26"]
[SourceQuality "1"]

1. e4 d6 2. Bc4 Nf6 3. Nc3 c6 4. a4 e5 5. d4 Nbd7 6. Nf3 Be7 7. 0-0 0-0 8. h3 exd4 9. Nxd4 Nc5 10. Qf3 a5 11. Nf5 Bxf5 12. Qxf5 Re8 13. Be3 Bf8 14. Bxc5 Re5 15. Qf3 Rxc5 16. Bb3 Qc7 17. Rfe1 Re8 18. Qg3 Rce5 19. f3 d5 20. Kh1 Bc5 21. Rad1 Qe7 22. Re2 Nh5 23. Qh2 Qh4 24. f4 Ng3+ 25. Qxg3 Qxg3 26. fxe5 d4 27. Nb1 Qxe5 28. Rd3 Bd6 29. g4 Qf6 30. Nd2 Bf4 31. Rf3 g5 32. Nc4 Qd8 33. Na3 Kg7 34. Bc4 Rh8 35. Rd3 h5 36. gxh5 Rxh5 37. c3 Qc8 38. cxd4 Rxh3+ 39. Kg1 Qg4+ 40. Rg2 Bh2+ 41. Kf1 Rf3+ 42. Rxf3 Qxf3+ 43. Rf2 Qh3+ 44. Ke2 f6 45. Nc2 Bg3 46. Rf5 Qg2+ 47. Kd3 Bf4 48. Kc3 Qxe4 49. Rxa5 g4 50. Ra7 c5 51. dxc5 Bb8 52. c6 Bxa7 53. c7 Qe5+ 0-1

[Event "Voronezh op-B 15th"]
[Site "Voronezh"]
[Date "2011.06.12"]
[Round "1"]
[White "Belenkov, Dmitry"]
[Black "Mikhailov, Artem"]
[Result "1-0"]
[WhiteElo "2040"]
[BlackElo "1666"]
[PlyCount "69"]
[EventDate "2011.06.12"]
[EventType "swiss"]
[EventRounds "9"]
[EventCountry "RUS"]
[SourceTitle "CBM 143 Extra"]
[Source "ChessBase"]
[SourceDate "2011.08.29"]
[SourceVersion "1"]
[SourceVersionDate "2011.08.29"]
[SourceQuality "1"]

1. d4 f5 2. Nf3 d6 3. g3 c6 4. Bg2 Qc7 5. 0-0 Nf6 6. c4 e5 7. Nc3 Be7 8. b3 0-0 9. Bb2 f4 10. gxf4 exf4 11. Qd2 Na6 12. e4 fxe3 13. fxe3 d5 14. Rac1 Bb4 15. Ne5 Qd8 16. Qd3 Be6 17. Ne2 Bd6 18. Nf4 Qe8 19. a3 Nc7 20. b4 Rd8 21. cxd5 Ncxd5 22. Nxe6 Qxe6 23. e4 Nb6 24. Bh3 Qe8 25. Bf5 Bxe5 26. Qb3+ Kh8 27. dxe5 Nfd7 28. Qg3 Qe7 29. Rfd1 Rde8 30. Qh3 Rxf5 31. Qxf5 Rf8 32. Qh5 Qe6 33. Rf1 Re8 34. Rc2 Qb3 35. Qxe8+ 1-0